000 00702nam a22002417a 4500
001 32440
003 UA-OsUOA
005 20220703161501.0
007 ta
008 20050202b un ||||| |||| 00| 0 ukr d
040 _aUA-OsUOA
_brus
_cUA-OsUOA
_dUA-OsUOA
041 _arus
044 _aRU
080 _a821(100)
090 _a821(100)
_bБ47
100 _aБеовульф
245 _aСтаршая Эдда. Песнь о небелунгах
_cБеовульф ; вступ. статья А. Гуревич
260 _aМосква
_bХудожественная литература
_c1975
300 _a752 с.
_bІлюстрації
650 7 _2UDC
942 _cBK
_2udc
955 _a0
999 _c318884
_d318884